000 00695nam a22002057a 4500
999 _c12319
_d12319
003 AR-CdUCM
008 190408b ||||| |||| 00| 0 it d
040 _aMUNICIPALIDAD PROVINCIAL DEL CUSCO
_cBIBLIOTECA MUNICIPAL DEL CUSCO
082 _a335.6 /
_bG88 / 1935
100 _aGuerra, Achille
_930122
245 _aNote di cultura fascista /
260 _aItalia :
_bCasa editrice A. Corticelli,
_c1935.
300 _a224 páginas ;
_bFotografias,
_c17 cm.
505 _aContenido: Movimiento fascista en Italia.
650 _aMovimiento fascista en Italia
_930123
650 _aFascismo europeo
_930124
650 _aItalia Siglo XX
_930125
942 _2ddc
_cLIBROS
945 _adavv
_d08/04/2019